| 000 | 00348nam a2200133Ia 4500 | ||
|---|---|---|---|
| 008 | 240624s9999 xx 000 0 und d | ||
| 041 | _aeng | ||
| 082 | _a658.4052 AUB | ||
| 100 | _aAUBUCHON NORBERT | ||
| 245 | _aANATOMY OF PERSUASION | ||
| 260 |
_c2007 _aNew Delhi _bPrentice-Hall of India |
||
| 300 | _axii, : 193 : p. : cm. ; 23 | ||
| 365 |
_cRS _b36 |
||
| 999 |
_c7874 _d7874 |
||